000 00727cam a2200241 a 4500
001 TB12481
003 IN-BhIIT
005 20260427173954.0
008 960827s1997 njua b 001 0 eng
020 _a9789332587410
040 _aIN-BhIIT
041 _aeng
082 0 0 _a621.38152
_bBHA/S
100 1 _aBhattacharya, Pallab.
_eAuthor
_916078
245 1 0 _aSemiconductor optoelectronic devices /
_cby Pallab Bhattacharya.
250 _a2nd ed.
260 _aNoida :
_bPearson India Education Services,
_c2024.
300 _axviii, 641 p. :
_bill. ;
_c24 cm.
504 _aIncludes bibliographical references and index.
650 0 _aOptoelectronic devices.
_94400
650 0 _aSemiconductors.
_927733
942 _cTB
_01
999 _c14927
_d14927